[Event "Biel op"]
[Site "Biel"]
[Date "1995.??.??"]
[Round "4"]
[White "Kuzmin, Alexey"]
[Black "Arbakov, Valentin"]
[Result "1-0"]
[WhiteElo "2500"]
[BlackElo "2455"]

1.d4 Nf6 2.Nf3 g6 3.c4 Bg7 4.Nc3 O-O 5.e4 d6 6.Be2 e5 7.Be3 Nbd7 8.O-O h6
9.d5 Ng4 10.Bd2 f5 11.g3 Ngf6 12.Nh4 Nxe4 13.Nxe4 fxe4 14.Nxg6 Rf7 15.Bg4 Nc5
16.Bxc8 Qxc8 17.Qh5 Qe8 18.Nh4 Rf6 19.Qe2 a5 20.Be3 Nd3 21.f3 Qh5 22.Qd2 Nf4
23.fxe4 Nh3+ 24.Kh1 Qg4 25.Qg2 Raf8 26.Nf5 h5 27.Qf3 b6 28.Kg2 Kh7 29.b3 R6f7
30.a3 Ra8 31.b4 Bf8 32.Bd2 a4 33.Qxg4 hxg4 34.Ne3 Rxf1 35.Rxf1 Ng5 36.Nxg4 Nxe4
37.Nf6+ Nxf6 38.Rxf6 Kg7 39.Re6 Kf7 40.h4 b5 41.g4 bxc4 42.g5 Bg7 43.g6+ Kf8
44.h5 e4 45.Rxe4 c3 46.Bf4 Re8 47.Rxe8+ Kxe8 48.h6 Bd4 49.Kf3 c2 50.Bc1 Ke7
51.Ke4 Be5 52.Kd3 Kf6 53.g7  1-0

[Event "DLM"]
[Site "Binz"]
[Date "1995.??.??"]
[Round "2"]
[White "Wilhelmi, Christian"]
[Black "Brettschneider, Stefan"]
[Result "1/2-1/2"]
[WhiteElo "2315"]
[BlackElo "2220"]

1.c4 g6 2.Nc3 Bg7 3.d4 d6 4.e4 Nf6 5.Be2 O-O 6.Nf3 e5 7.Be3 c6 8.d5 Qe7 9.h3 Nbd7
10.Nd2 Ne8 11.g4 f5 12.gxf5 gxf5 13.exf5 Ndf6 14.Qc2 cxd5 15.cxd5 b6 16.Bf3 e4
17.Ndxe4 Bxf5 18.Nxf6+ Qxf6 19.Be4 Rc8 20.Bxf5 Qxf5 21.Qxf5 Rxf5 22.Rg1 Kf7
23.Kd2 Nf6 24.Rac1 Nxd5 25.Ne4 Rxc1 26.Nxd6+ Ke6 27.Rxg7 Nxe3 28.Kxc1 Rxf2  1/2-1/2

[Event "GER-ch"]
[Site "Binz"]
[Date "1995.??.??"]
[Round "2"]
[White "Matthias, Heiner"]
[Black "Rudolf, Henrik"]
[Result "1/2-1/2"]
[WhiteElo "2330"]
[BlackElo "2280"]

1.c4 g6 2.Nc3 Bg7 3.d4 d6 4.e4 Nf6 5.Nf3 O-O 6.Be2 e5 7.O-O Na6 8.Be3 h6
9.Re1 Ng4 10.Bc1 exd4 11.Nxd4 Qh4 12.Bxg4 Bxg4 13.Nf3 Qh5 14.Nd5 Rae8 15.Rb1 c6
16.Nf4 Bxf3 17.Nxh5 Bxd1 18.Nxg7 Kxg7 19.Rxd1 Rxe4 20.Be3 Rd8 21.Bd4+ Kf8
22.f3 Re2 23.Bxa7 Rc2 24.Rdc1 Rxc1+ 25.Rxc1 Nb4 26.a3 Nd3 27.Rc2 Re8 28.h4 Re1+
29.Kh2 Ke7 30.Rd2 Ne5 31.b3 Nd7 32.Bf2 Rb1 33.Re2+ Kd8 34.Re3 Rd1 35.Bg3 Rd4
36.Bf2 Rd1 37.Bg3 Rd4 38.Be1 Ne5 39.Kh3 Rd3 40.Bf2 h5 41.Kh2 Kd7 42.Rxd3 Nxd3
43.Be3 c5 44.Kg1  1/2-1/2

[Event "DLM"]
[Site "Binz"]
[Date "1995.??.??"]
[Round "3"]
[White "Doettling, Fabian"]
[Black "Senff, Martin"]
[Result "1-0"]
[WhiteElo "2175"]
[BlackElo "2225"]

1.d4 Nf6 2.c4 g6 3.Nc3 Bg7 4.e4 d6 5.Nf3 O-O 6.Be2 e5 7.d5 c5 8.O-O Ne8 9.a3 f5
10.b4 b6 11.Rb1 Nf6 12.bxc5 bxc5 13.Nd2 Bh6 14.Qc2 Bxd2 15.Bxd2 f4 16.Rb2 a6
17.Rfb1 Nbd7 18.Qa4 Qe7 19.Qc6 Ra7 20.f3 g5 21.Na4 g4 22.Nb6 Nxb6 23.Rxb6 Rd7
24.Ba5 h5 25.Rb8 Qe8 26.Ra8 Rdf7 27.Rbb8 gxf3 28.Bxf3  1-0

[Event "GER-ch"]
[Site "Binz"]
[Date "1995.??.??"]
[Round "5"]
[White "Molinaroli, Martin"]
[Black "Matthias, Heiner"]
[Result "1-0"]
[WhiteElo "2310"]
[BlackElo "2330"]

1.d4 Nf6 2.Nf3 g6 3.c4 Bg7 4.Nc3 O-O 5.e4 d6 6.Be2 e5 7.dxe5 dxe5 8.Qxd8 Rxd8
9.Bg5 c6 10.Nxe5 Re8 11.O-O-O Na6 12.f4 Nc5 13.Bf3 Nh5 14.Bxh5 gxh5 15.Bh4 Bh6
16.Kc2 Bxf4 17.Nxf7 Nxe4 18.Rhf1 Nxc3 19.Kxc3 Bg4 20.Rd3 Be3 21.Nd6 Re6 22.Re1 Bh6
23.Rxe6 Bxe6 24.Nxb7 Bg7+ 25.Kb3 Bf5 26.Rd8+ Rxd8 27.Nxd8 Be4 28.Bf2 a6 29.g3 Bf3
30.Ne6 Bd1+ 31.Ka3 Be5 32.b3 h4 33.Kb4 h3 34.Kc5 h5 35.Bg1 Bf3 36.Kb6 Be4
37.Kxa6 Bb1 38.a4 Kf7 39.Nd8+ Kf6 40.Nxc6 Bc2 41.Bd4  1-0

[Event "Bled op"]
[Site "Bled"]
[Date "1995.??.??"]
[Round "1"]
[White "Sulava, Nenad"]
[Black "Valenta, Vit"]
[Result "1-0"]
[WhiteElo "2420"]
[BlackElo "2235"]

1.d4 Nf6 2.c4 g6 3.Nc3 Bg7 4.e4 d6 5.Nf3 O-O 6.Be2 Nbd7 7.O-O e5 8.Be3 c6
9.d5 c5 10.Ne1 b6 11.g4 Ne8 12.Kh1 Bf6 13.Qd2 Ng7 14.Nd3 Be7 15.Rg1 Re8 16.Rg3 Bh4
17.Rh3 Be7 18.Rg1 h5 19.Bh6 Nf6 20.f3 Nh7 21.f4 exf4 22.Bxf4 g5 23.Be3 Bf6
24.Nf2 h4 25.e5 Bxe5 26.Bd3 f6 27.Nce4 Qe7 28.Bb1 Nf8 29.Qc2 b5 30.b3 bxc4
31.bxc4 Rb8 32.Rf3 Rb2 33.Qd3 Bd7 34.Bc1 Rb7 35.Bc2 Bd4 36.Rf1 Reb8 37.Nxf6+ Bxf6
38.Ne4 Bxg4 39.Nxf6+ Kh8 40.Nxg4  1-0

[Event "Bled op"]
[Site "Bled"]
[Date "1995.??.??"]
[Round "2"]
[White "Potocnik, Primoz"]
[Black "Howell, James C"]
[Result "1/2-1/2"]
[WhiteElo "2225"]
[BlackElo "2520"]

1.d4 Nf6 2.c4 g6 3.Nc3 Bg7 4.e4 d6 5.Nf3 O-O 6.Be2 e5 7.d5 Na6 8.Bg5 h6 9.Bh4 g5
10.Bg3 Nh5 11.h4 Nxg3 12.fxg3 gxh4 13.Nxh4 Qg5 14.g4 Bf6 15.Qd2 Qxd2+ 16.Kxd2 Bg5+
17.Kc2 Nb4+ 18.Kd1 a5 19.b3 Bd7 20.a3 Na6 21.Kc2 Nc5 22.Nf5 Bxf5 23.gxf5 Kg7
24.b4 Nd7 25.Kd3 Kf6 26.Nb5 Rfc8 27.Bg4 Ra6 28.Rhf1 axb4 29.axb4 Rca8 30.Rxa6 Rxa6
31.Nxc7 Ra3+ 32.Kc2 Ra2+ 33.Kc3 Rxg2 34.Bf3 Rg3 35.c5 dxc5 36.d6 cxb4+ 37.Kxb4 Bd2+
38.Kb5 Kg5 39.Ne6+ Kf6 40.Nc7 h5 41.Rf2 h4 42.Rg2 Be3 43.Kc4 Rxg2 44.Bxg2 Kg5
45.Ne6+ Kg4 46.Nd8 h3 47.Bh1 Bg5 48.Nxb7 Nf6 49.Nd8 Nxe4 50.Nxf7 Nf6 51.Nxe5+ Kxf5
52.d7 Ng4 53.Nf7 Ne5+ 54.Nxe5 Kxe5  1/2-1/2

[Event "Bled op"]
[Site "Bled"]
[Date "1995.??.??"]
[Round "4"]
[White "Tratar, Marko"]
[Black "Mazi, Leon"]
[Result "1-0"]
[WhiteElo "2420"]
[BlackElo "2360"]

1.d4 Nf6 2.Nf3 g6 3.c4 Bg7 4.Nc3 O-O 5.e4 d6 6.Be2 Nbd7 7.O-O e5 8.Be3 h6
9.dxe5 dxe5 10.Nd2 c6 11.c5 Qe7 12.b4 Rd8 13.Qc1 Ne8 14.Nc4 h5 15.Rd1 Nf8
16.Qa3 Bd7 17.Nd6 Rdb8 18.b5 Ne6 19.bxc6 Bxc6 20.Bc4 Nxd6 21.cxd6 Qd7 22.Nd5 Kh8
23.f3 Rf8 24.Rac1 Nd4 25.Bxd4 exd4 26.f4 Rad8 27.e5 f6 28.Ne7 Qg4 29.Nxc6 bxc6
30.e6 Rfe8 31.Re1 Qxf4 32.d7  1-0

[Event "Bled op"]
[Site "Bled"]
[Date "1995.??.??"]
[Round "4"]
[White "Osterman, Rudolf"]
[Black "Ankerst, Mihael"]
[Result "1-0"]
[WhiteElo "2390"]
[BlackElo "2270"]

1.c4 g6 2.d4 Nf6 3.Nc3 Bg7 4.e4 d6 5.Nf3 O-O 6.Be2 e5 7.O-O Na6 8.Re1 c6
9.Rb1 exd4 10.Nxd4 Re8 11.Bf1 Nc5 12.f3 a5 13.Bg5 a4 14.Bh4 Qa5 15.Bf2 Rd8
16.Qd2 Ne6 17.Red1 Nxd4 18.Bxd4 Be6 19.b4 axb3 20.axb3 Qb4 21.Na4 Qxd2 22.Rxd2 Ne8
23.Be3 f5 24.Rbd1 b5 25.Nc5 Bf7 26.cxb5 Rdc8 27.b6 Rcb8 28.Na6 c5 29.Nxb8 Rxb8
30.Rxd6 Nxd6 31.Rxd6 Bxb3 32.Ba6 Be5 33.Rc6 c4 34.f4 Bb2 35.b7  1-0

[Event "Bled op"]
[Site "Bled"]
[Date "1995.??.??"]
[Round "5"]
[White "Cebalo, Miso"]
[Black "Tratar, Marko"]
[Result "1-0"]
[WhiteElo "2570"]
[BlackElo "2420"]

1.d4 Nf6 2.Nf3 g6 3.c4 Bg7 4.Nc3 O-O 5.e4 d6 6.Be2 e5 7.O-O Na6 8.Be3 Ng4
9.Bg5 Qe8 10.dxe5 dxe5 11.h3 h6 12.Bd2 Nf6 13.Be3 c6 14.c5 Nh5 15.Bxa6 bxa6
16.Qd6 f5 17.Rad1 f4 18.Bc1 g5 19.Rd3 g4 20.hxg4 Bxg4 21.Rfd1 Bf6 22.b3 Rf7
23.Kf1 Kh7 24.Bb2 Bxf3 25.gxf3 Rd8 26.Qxd8 Bxd8 27.Rxd8 Qe6 28.Ke2 Qh3 29.R1d3 Ng3+
30.Kd2 Qg2 31.Nd1 Qf1 32.Bxe5 Qe2+ 33.Kc1 Nh5 34.R3d6 Ng7 35.Rxc6 Qxf3 36.Bc3 Qxe4
37.Rcd6 Ne8 38.f3 Qe7 39.Rd5 Nc7 40.R5d6 Ne8 41.Rd2 Qe6 42.Nf2 Nf6 43.Kb2 Qc6
44.Ng4 Nxg4 45.R2d6 Qxd6 46.Rxd6  1-0

[Event "Bonn GSK-2"]
[Site "Bonn"]
[Date "1995.??.??"]
[Round "1"]
[White "Sieglen, Joachim"]
[Black "Kveinys, Aloyzas"]
[Result "0-1"]
[WhiteElo "2380"]
[BlackElo "2515"]

1.Nf3 Nf6 2.c4 g6 3.Nc3 Bg7 4.e4 d6 5.d4 O-O 6.Be2 e5 7.O-O Nbd7 8.Re1 c6
9.Bf1 h6 10.Rb1 Re8 11.d5 c5 12.a3 Nh7 13.Qc2 Rf8 14.Bd3 h5 15.Be3 Ndf6 16.h3 Ne8
17.Nh2 f5 18.exf5 gxf5 19.f4 e4 20.Be2 h4 21.Qd2 Qf6 22.Kh1 Kh8 23.Rg1 Rg8
24.g3 hxg3 25.Rxg3 Bh6 26.Rbg1 Rxg3 27.Rxg3 Ng7 28.b4 b6 29.Rg1 Bd7 30.Nb5 a6
31.Nc7 Ra7 32.Ne6 Bxe6 33.dxe6 Qxe6 34.Rd1 Ne8 35.Qd5 Qxd5 36.Rxd5 Bg7 37.Rxf5 Bb2
38.bxc5 bxc5 39.a4 Nef6 40.Ng4 Rb7 41.Bf2 Kg7 42.Nxf6 Bxf6 43.Kg2 Rb2 44.Kf1 Rb1+
45.Kg2 Nf8 46.Rd5 Ne6 47.Be3 Re1 48.Bg4 Rxe3 49.Bxe6 Ra3 50.Rxd6 Rxa4 51.Bf5 Ra2+
52.Kg3 e3 53.Bd3 Bd4 54.Re6 Kf7 55.f5 a5 56.Be4 e2 57.Bd5 Kg7 58.Kf3 a4  0-1

[Event "SWE-chB"]
[Site "Borlange"]
[Date "1995.??.??"]
[Round "?"]
[White "Tornblom, Nils"]
[Black "Lind, Jan Olov"]
[Result "0-1"]
[WhiteElo "2255"]
[BlackElo "2270"]

1.d4 Nf6 2.Nf3 g6 3.c4 Bg7 4.Nc3 O-O 5.e4 d6 6.Be2 e5 7.dxe5 dxe5 8.Qxd8 Rxd8
9.Bg5 Nbd7 10.O-O-O Rf8 11.Nd5 Nxe4 12.Be3 Nb6 13.Nxc7 Rb8 14.Ne1 Bf5 15.f3 Nf2
16.Nc2 Nxh1 17.Rxh1 Nxc4 18.Bxc4 Rbc8 19.Nd5 Rxc4 20.Ne7+ Kh8 21.Nxf5 gxf5
22.Kb1 b6 23.Rd1 Rcc8 24.Bg5 f6 25.Bh4 Rfd8 26.Re1 f4  0-1

[Event "SWE-chB"]
[Site "Borlange"]
[Date "1995.??.??"]
[Round "?"]
[White "Backe, Peter"]
[Black "Madebrink, Lars"]
[Result "1/2-1/2"]
[WhiteElo "2285"]
[BlackElo "2290"]

1.d4 Nf6 2.c4 g6 3.Nc3 Bg7 4.e4 d6 5.Nf3 O-O 6.Be2 Nbd7 7.O-O e5 8.Be3 c6
9.h3 Qe7 10.Re1 Re8 11.d5 Nc5 12.Nd2 a5 13.b3 Nfd7 14.a3 f5 15.f3 Nf6 16.b4 Ncd7
17.Nb3 axb4 18.axb4 Rxa1 19.Qxa1 Nh5 20.dxc6 bxc6 21.Qa8 d5 22.cxd5 Qxb4
23.Qa5 Qxb3 24.Rb1 Qc2 25.Rc1 Qb2 26.Rb1 Qc2 27.Rc1  1/2-1/2

[Event "SWE-ch"]
[Site "Borlange"]
[Date "1995.??.??"]
[Round "2"]
[White "Akesson, Ralf"]
[Black "Johansson, Mikael"]
[Result "1-0"]
[WhiteElo "2465"]
[BlackElo "2310"]

1.Nf3 g6 2.c4 Bg7 3.d4 Nf6 4.Nc3 O-O 5.e4 d6 6.Be2 e5 7.Be3 Bg4 8.d5 Nbd7
9.h3 Bxf3 10.Bxf3 Nb6 11.Be2 c6 12.O-O c5 13.Rb1 Nbd7 14.a3 Ne8 15.b4 b6
16.Rb3 Qe7 17.Qc2 Kh8 18.Bg4 Ndf6 19.bxc5 Nxg4 20.hxg4 dxc5 21.g5 f6 22.gxf6 Bxf6
23.a4 Bg5 24.Bxg5 Qxg5 25.a5 Nf6 26.Qc1 Qh4 27.f3 Nh5 28.Ne2 Rf6 29.Qa1 Re8
30.axb6 axb6 31.Rd1 Rd6 32.Qa7 g5 33.Qc7 Rh6 34.Qd7 Nf6 35.Qh3 Qxh3 36.gxh3 Nd7
37.Kg2 Ra8 38.Rd2 Ra4 39.Rc2  1-0

[Event "SWE-ch"]
[Site "Borlange"]
[Date "1995.??.??"]
[Round "5"]
[White "Sjoberg, Mats"]
[Black "Akesson, Ralf"]
[Result "1/2-1/2"]
[WhiteElo "2450"]
[BlackElo "2465"]

1.Nf3 Nf6 2.c4 g6 3.Nc3 Bg7 4.d4 O-O 5.e4 d6 6.Be2 e5 7.Be3 Na6 8.d5 Ng4
9.Bg5 f6 10.Bh4 Nh6 11.Nd2 Nf7 12.O-O Bh6 13.f3 Be3+ 14.Kh1 Ng5 15.Nb3 Nc5
16.Na5 Na6 17.Qa4 Qe7 18.b4 Qg7 19.Qb3 Qh6 20.Bg3 Bb6 21.Rac1 Nf7 22.Na4 Bxa5
23.bxa5 b6 24.Nc3 Nc5 25.Qa3 Ba6 26.Qb4 Nb7 27.Nb5 Rfc8 28.axb6 cxb6 29.f4 Bxb5
30.Qxb5 Nc5 31.Qb1 Re8 32.fxe5 Nxe5 33.Rf4 g5 34.Rf5 Nf7 35.Bd3 Re7 36.Rcf1 Nd7
37.Bc2 Qg7 38.Qb4 Rc8 39.Ba4 Nc5 40.Bc2 Nxe4 41.Bxe4 Rxe4 42.Qa3 Ne5 43.Rxf6 Nxc4
44.Qf3 Ree8 45.Rf7 Qg6 46.Rf6 Qg7 47.Rf7 Qg6 48.Rf6 Qg7  1/2-1/2

[Event "SWE-ch"]
[Site "Borlange"]
[Date "1995.??.??"]
[Round "8"]
[White "Eklund, Lars Goran"]
[Black "Jonsson, M."]
[Result "1/2-1/2"]
[WhiteElo "2330"]
[BlackElo "2335"]

1.Nf3 g6 2.c4 Bg7 3.d4 Nf6 4.Nc3 O-O 5.e4 d6 6.Be2 e5 7.dxe5 dxe5 8.Qxd8 Rxd8
9.Bg5 c6 10.Nxe5 Re8 11.O-O-O Na6 12.Rd6 Be6 13.f4 Nc5 14.Bf3 Nfxe4 15.Nxe4 Nxe4
16.Bxe4 f6 17.Bxf6 Bxf6 18.b3 Bxe5 19.fxe5 Re7 20.Rhd1 Rae8 21.Bf3 Bc8 22.Re1 Kf7
23.Rf6+ Kg7 24.Rd6 Kf7 25.Rf6+  1/2-1/2

[Event "Bratislava op"]
[Site "Bratislava"]
[Date "1995.??.??"]
[Round "8"]
[White "Priam, Stefan"]
[Black "Rohacek, Miroslav"]
[Result "1/2-1/2"]
[WhiteElo "2010"]
[BlackElo "1915"]

1.d4 Nf6 2.c4 g6 3.Nc3 Bg7 4.e4 d6 5.Nf3 O-O 6.Be2 Nbd7 7.O-O e5 8.d5 Nc5
9.Qc2 a5 10.a3 a4 11.Be3 Nb3 12.Rab1 Bd7 13.Nd2 Nd4 14.Bxd4 exd4 15.Nb5 c6
16.Nxd6 Qc7 17.e5 Ne8 18.Nxe8 Rfxe8 19.d6 Qb8 20.f4 f6 21.exf6 Bxf6 22.Ne4 Rxe4
23.Qxe4 Bf5 24.Qf3 Bxb1 25.Rxb1 Qxd6 26.Bd3 Re8 27.Rf1 Re3 28.Qd1 Qc7 29.c5 Qa5
30.f5 g5 31.Bc4+ Kg7 32.Qh5 Re7 33.h4 Qd2 34.hxg5 Bxg5 35.f6+ Bxf6 36.Rf3 Qe1+
37.Bf1 Qh4 38.Qf5 d3 39.Rh3 Qd4+ 40.Kh1 h6 41.Rxd3 Qe4 42.Rg3+ Bg5 43.Qc8 Rf7
44.Bd3 Qh4+ 45.Qh3 Qxh3+ 46.gxh3 Kf6 47.Bc2 Ke5 48.Bxa4 Kd4 49.b4 Re7 50.Rg4+ Kc3
51.Kg2 Kb2 52.Rg3 Re3 53.b5 cxb5 54.Bxb5 Rxg3+ 55.Kxg3 Kxa3 56.Kf3 Kb4 57.c6 bxc6
58.Bxc6  1/2-1/2

[Event "RUS-sf"]
[Site "Briansk"]
[Date "1995.??.??"]
[Round "3"]
[White "Kandyba, L."]
[Black "Poluljahov, Aleksandr"]
[Result "1/2-1/2"]
[WhiteElo "2370"]
[BlackElo "2460"]

1.d4 Nf6 2.c4 g6 3.Nc3 Bg7 4.e4 d6 5.Be2 O-O 6.Nf3 e5 7.dxe5 dxe5 8.Qxd8 Rxd8
9.Nd5 Nxd5 10.cxd5 c6 11.Bc4 b5 12.Bb3 Bb7 13.Bg5 Rc8 14.Rd1 c5 15.Bc2 Nd7
16.b3 Nb6 17.Nd2 f6  1/2-1/2

[Event "RUS-sf"]
[Site "Briansk"]
[Date "1995.??.??"]
[Round "4"]
[White "Poluljahov, Aleksandr"]
[Black "Bragin, A."]
[Result "1-0"]
[WhiteElo "2460"]
[BlackElo "2390"]

1.d4 Nf6 2.c4 g6 3.Nc3 Bg7 4.e4 d6 5.Be2 O-O 6.Nf3 e5 7.d5 a5 8.h3 Nh5 9.Nh2 Nf4
10.Bf3 Na6 11.Be3 f5 12.O-O Qh4 13.Kh1 Nxh3 14.exf5 gxf5 15.gxh3 f4 16.Bd2 Bxh3
17.Ne4 Nc5 18.Rg1 Nxe4 19.Bxe4 Rf6 20.f3 Rh6 21.Qe2 b6 22.b3 Rf8 23.c5 dxc5
24.Bc3 Rh5 25.Bd3 Qe7 26.Rae1 Kh8 27.Qb2 Bf6 28.Bf1 Bd7 29.Rg2 Qd6 30.Kg1 b5
31.Qd2 a4 32.Ng4 Bxg4 33.Rxg4 axb3 34.axb3 c4 35.bxc4 bxc4 36.Re4 Rg8 37.Rxg8+ Kxg8
38.Bg2 Qc5+ 39.Kf1 Rg5 40.Qe2 Qxd5 41.Qxc4 c6 42.Qe2 Kg7 43.Ra4 Kh6 44.Be1 Rg7
45.Bh3 Qc5 46.Bg4 Rb7 47.Bf5 Kg7 48.Ra8 Bg5 49.Re8 Kf6 50.Be4 Qc1 51.Qa2 Re7
52.Rf8+ Kg7 53.Rg8+ Kf6 54.Rf8+ Kg7 55.Qg8+ Kh6 56.Rc8  1-0

[Event "RUS-sf"]
[Site "Briansk"]
[Date "1995.??.??"]
[Round "7"]
[White "Poluljahov, Aleksandr"]
[Black "Petrushin, Alexander I"]
[Result "1-0"]
[WhiteElo "2460"]
[BlackElo "2485"]

1.d4 Nf6 2.Nf3 g6 3.c4 Bg7 4.Nc3 O-O 5.e4 d6 6.Be2 e5 7.Be3 Ng4 8.Bg5 f6
9.Bh4 Nc6 10.d5 Ne7 11.Nd2 Nh6 12.f3 g5 13.Bf2 f5 14.h3 Ng6 15.g4 fxe4 16.Ndxe4 Nh4
17.O-O b6 18.Be3 Nf7 19.b4 Ng6 20.Rf2 Nf4 21.Bf1 Re8 22.Kh2 h5 23.Rc1 hxg4
24.hxg4 a5 25.a3 axb4 26.axb4 Bf6 27.Kg1 Kg7 28.Rh2 Rh8 29.Rxh8 Qxh8 30.Rc2 Qd8
31.Qb1 Bd7 32.Rh2 Ng6 33.Ra2 Be7 34.Qa1 Rxa2 35.Qxa2 Qb8 36.Qa6 Nf4 37.Nb5 Bc8
38.Qa2 Bd7 39.Na7 Qh8 40.Nc6 Bf6 41.b5 Qh4 42.Qf2 Qh8 43.Qa2 Qc8 44.Bf2 Bxg4
45.fxg4 Qxg4+ 46.Ng3 e4 47.Qd2 Nh6 48.Nd4 Kf7 49.Nc2 Be5 50.Ne3 Qf3 51.Qc2 Nd3
52.Bg2 Bxg3 53.Bxf3 Bxf2+ 54.Kf1 Bxe3 55.Bxe4 Nf4 56.Qh2 Ng4 57.Qg3  1-0

[Event "RUS-chT"]
[Site "Briansk"]
[Date "1995.??.??"]
[Round "8"]
[White "Svirin, O."]
[Black "Rogovskoy, Alexander"]
[Result "1/2-1/2"]
[WhiteElo "2420"]
[BlackElo "2295"]

1.Nf3 Nf6 2.c4 g6 3.Nc3 Bg7 4.e4 d6 5.d4 O-O 6.Be2 Na6 7.O-O e5 8.Re1 Bg4
9.Be3 Re8 10.Qc2 c6 11.Rad1 Qe7 12.c5 dxc5 13.dxe5 Nd7 14.Bg5 Qf8 15.Bxa6 bxa6
16.h3 Be6 17.Bf4 Rab8 18.Na4 Rb4 19.Rxd7 Bxd7 20.Be3 Be6 21.b3 Rxa4 22.bxa4 c4
23.Bxa7 Qa3 24.Rd1 c3 25.Rd3 Bxa2 26.Rxc3 Bb1 27.Qd2 Qxa4 28.Qd7 Rf8 29.Bc5 Bxe4
30.Ra3 Qc4 31.Bxf8 Bxf8 32.Re3 Bd5 33.Ng5 Qc1+ 34.Kh2 Qf1 35.Rf3 Qe2 36.Rxf7 Qxe5+
37.f4 Qb2 38.Rxf8+ Kxf8 39.Qd8+ Kg7 40.Qe7+ Kg8 41.Qxh7+ Kf8 42.Qh6+ Ke7
43.Qh7+ Kf8 44.Qh6+ Ke7 45.Qh7+ Kf8  1/2-1/2

[Event "Brno-A"]
[Site "Brno"]
[Date "1995.??.??"]
[Round "4"]
[White "Sulzbach, Sven"]
[Black "Kratochwil, Christian"]
[Result "1/2-1/2"]
[WhiteElo "2245"]
[BlackElo "2360"]

1.d4 g6 2.c4 Bg7 3.Nc3 d6 4.Nf3 Nd7 5.e4 e5 6.Be2 Ngf6 7.O-O O-O 8.Re1 c6
9.Bf1 exd4 10.Nxd4 Ng4 11.Qxg4 Bxd4 12.Qg3 Qf6 13.Be3 Bxe3 14.Qxe3 Ne5 15.Rad1 Qe7
16.f4 Ng4  1/2-1/2

[Event "Brno-B"]
[Site "Brno"]
[Date "1995.??.??"]
[Round "8"]
[White "Mudrak, Josef"]
[Black "Bielczyk, Jacek"]
[Result "1/2-1/2"]
[WhiteElo "2335"]
[BlackElo "2345"]

1.c4 g6 2.Nc3 Bg7 3.e4 d6 4.d4 Nd7 5.Nf3 e5 6.Be2 Ngf6 7.O-O O-O 8.Re1 c6
9.Bf1 a5 10.Rb1 Re8 11.d5 Nc5 12.b3 Bd7 13.a3 cxd5 14.cxd5 b5  1/2-1/2

[Event "Ciocaltea mem"]
[Site "Bucharest"]
[Date "1995.??.??"]
[Round "6"]
[White "Rogozenko, Dorin"]
[Black "Komliakov, Viktor"]
[Result "1-0"]
[WhiteElo "2440"]
[BlackElo "2535"]

1.d4 d6 2.Nf3 Nf6 3.c4 g6 4.Nc3 Bg7 5.e4 O-O 6.Be2 Nbd7 7.O-O e5 8.Qc2 Re8
9.Rd1 c6 10.d5 c5 11.a3 Rf8 12.g3 a5 13.b3 Nb6 14.Nh4 Ne8 15.Bd3 Bd7 16.Rb1 Qc8
17.Be3 f5 18.exf5 gxf5 19.f4 e4 20.Be2 Qd8 21.Qd2 Nc7 22.Rdc1 Na6 23.Nd1 Nc8
24.Nf2 Na7 25.Nh3 b5 26.Ng5 b4 27.a4 Nc8 28.Bh5 Qf6 29.Qf2 Ne7 30.Rd1 Rad8
31.Kh1 Qh6 32.Be2 Qf6 33.Bc1 Nc7 34.g4 Ne8 35.Rg1 fxg4 36.Bxg4 Ng6 37.Nxg6 Qxg6
38.Be6+ Bxe6 39.Nxe6 e3 40.Bxe3 Qe4+ 41.Qg2 Qxg2+ 42.Rxg2 Rd7 43.Nxf8 Kxf8
44.f5 Re7 45.Bg5 Re4 46.f6  1-0

[Event "Budapest FS07 IM-A"]
[Site "Budapest"]
[Date "1995.??.??"]
[Round "?"]
[White "Hetey, Laszlo"]
[Black "Dobos, Jozsef"]
[Result "1-0"]
[WhiteElo "2290"]
[BlackElo "2350"]

1.d4 Nf6 2.c4 g6 3.Nc3 Bg7 4.e4 d6 5.Nf3 O-O 6.Be2 e5 7.d5 a5 8.Bg5 h6 9.Bh4 Na6
10.O-O Qe8 11.Nd2 Nh7 12.a3 Bd7 13.Kh1 h5 14.f3 Bh6 15.b3 Be3 16.Rb1 Bc5
17.Qc1 Qb8 18.Bf2 Bxf2 19.Rxf2 Qa7 20.Nd1 Qc5 21.Qb2 f5 22.b4 axb4 23.axb4 Qa7
24.Bd3 Ba4 25.Rf1 Bxd1 26.Rfxd1 f4 27.c5 Ng5 28.Nc4 Nf7 29.Ra1 Qb8 30.cxd6 Nxd6
31.Nxe5 Qe8 32.b5  1-0

[Event "Spring op"]
[Site "Budapest"]
[Date "1995.??.??"]
[Round "?"]
[White "Halmos, Ede"]
[Black "Balogh, Bela"]
[Result "0-1"]
[WhiteElo "2120"]
[BlackElo "2225"]

1.d4 Nf6 2.c4 g6 3.Nc3 Bg7 4.e4 d6 5.Nf3 O-O 6.Be2 e5 7.d5 Nbd7 8.Bg5 h6
9.Bh4 g5 10.Bg3 Nh5 11.h4 Nxg3 12.fxg3 g4 13.Nd2 Nf6 14.O-O c6 15.Qb3 Nh5
16.Kh2 Bf6 17.Rh1 b5 18.Nd1 Bxh4 19.Nf1 bxc4 20.Bxc4 cxd5 21.Bxd5 Ba6 22.Bxa8 Bxf1
23.gxh4 Qxa8 24.Qe3 g3+ 25.Kg1 Bc4 26.Qxh6 Nf4 27.Nc3 f6 28.h5 Qb8 29.Rh4 Qxb2
30.Rg4+ Kf7 31.Qg7+ Ke8 32.Rb1 Qxg2+  0-1

[Event "Budapest FS07 GM"]
[Site "Budapest"]
[Date "1995.??.??"]
[Round "?"]
[White "Lengyel, Levente"]
[Black "Enders, Peter"]
[Result "1/2-1/2"]
[WhiteElo "2365"]
[BlackElo "2470"]

1.Nf3 Nf6 2.c4 g6 3.Nc3 Bg7 4.e4 d6 5.d4 O-O 6.Be2 Nbd7 7.O-O e5 8.Be3 c6
9.Qc2 h6 10.Rad1 Qe7 11.Bc1 Nh7 12.Rfe1 Ng5 13.Be3 f5 14.exf5 gxf5 15.dxe5 dxe5
16.Nxg5 hxg5 17.f3 Nc5 18.b4 Ne6 19.c5 Kh8 20.Bc4 Qf6 21.Ne2 a5 22.a3 axb4
23.axb4 e4 24.fxe4 f4 25.Bd2 Ra3 26.Qc1 Qb2 27.Qxb2 Bxb2 28.Bc1 Bxc1 29.Rxc1 Ra4
30.Bxe6 Bxe6 31.Nd4 Bg8 32.Rb1 Rd8 33.Nf3 Ra2 34.h3 Bh7 35.Rbd1 Rxd1 36.Rxd1 Bxe4
37.Rd7 Kg8 38.Rxb7 Ra1+ 39.Kf2 Ra2+ 40.Kf1 Kf8  1/2-1/2

[Event "Budapest FS07 GM"]
[Site "Budapest"]
[Date "1995.??.??"]
[Round "?"]
[White "Lukacs, Peter"]
[Black "Enders, Peter"]
[Result "1/2-1/2"]
[WhiteElo "2480"]
[BlackElo "2470"]

1.d4 Nf6 2.c4 g6 3.Nc3 Bg7 4.e4 d6 5.Nf3 O-O 6.Be2 e5 7.Be3 Ng4 8.Bg5 f6
9.Bc1 Nc6 10.h3 Nh6 11.dxe5 dxe5 12.Be3 Nf7 13.c5 Qxd1+ 14.Rxd1 Be6 15.Nd5 Bxd5
16.exd5 Nb4 17.Bc4 Nc2+ 18.Ke2 b6 19.d6 c6 20.Bb3 Nxe3 21.fxe3 Rfb8 22.cxb6 Rxb6
23.Nd2 a5 24.d7 Rbb8 25.Ne4 Kf8 26.Rhf1 Nd8 27.Nxf6 Bxf6 28.Rxf6+ Ke7 29.Rfd6 a4
30.Bg8 Rxb2+ 31.Kf3 a3 32.Kg3 Ra5 33.Bxh7 Rxa2 34.Rxg6 Rd5 35.Rf1 Rdd2 36.Kh2 Rab2
37.Bg8 Kxd7 38.h4 a2 39.Ra1 Ke7 40.h5 Nf7 41.Bxf7 Kxf7 42.Rxc6 Rxg2+ 43.Kh3 Rge2
44.Ra6 Rxe3+ 45.Kh4 Rh2+ 46.Kg4 Rg2+ 47.Kh4 Re4+ 48.Kh3 Ree2 49.Rc1 Rc2 50.Rxc2 Rxc2
51.Kg4 e4 52.Kf4 Re2 53.h6  1/2-1/2

[Event "Budapest Statistika"]
[Site "Budapest"]
[Date "1995.??.??"]
[Round "1"]
[White "Niklasch, Oliver"]
[Black "Golubovic, Boris"]
[Result "0-1"]
[WhiteElo "2320"]
[BlackElo "2355"]

1.c4 g6 2.e4 Bg7 3.d4 d6 4.Nc3 Nf6 5.Nf3 O-O 6.Be2 e5 7.O-O exd4 8.Nxd4 Re8
9.f3 c6 10.Nc2 Be6 11.f4 Na6 12.f5 Bc8 13.Bd3 Nc5 14.Qf3 Nxd3 15.Qxd3 Ng4
16.Qg3 Ne5 17.b3 a5 18.Bg5 f6 19.Be3 a4 20.Rad1 axb3 21.axb3 Qe7 22.Rd2 Kh8
23.h3 g5 24.Rfd1 Nf7 25.Qf2 Rg8 26.Qe2 Bf8 27.Bf2 Qc7 28.Nd4 Ne5 29.Nf3 Ra3
30.Rb1 Qa5 31.Rc2 Bd7 32.b4 Qa8 33.Nxe5 dxe5 34.Ra2 Be8 35.Rba1 Rxa2 36.Rxa2 Qc8
37.c5 Bf7 38.Rd2 h5 39.Qd1 Be7 40.Na4 g4 41.Rd7 g3 42.Be3 Rd8 43.Rxd8+ Qxd8
44.Qxd8+ Bxd8 45.h4 Bc4 46.Bd2 Bd3 47.Nb2 Bxe4 48.Nc4 Bc7 49.Ne3 b6 50.Be1 bxc5
51.bxc5 Kg7 52.Bxg3 Ba5 53.Bf2 Bb4 54.g3 Bxc5 55.Kf1 Kf7 56.Ke2 Bxe3 57.Bxe3 Bxf5
58.Kd2 Ke6 59.Kc3 Kd5 60.Bh6 Bg4 61.Bg7 f5 62.Kd3 c5 63.Bh6 Bh3 64.Bg7 Bf1+
65.Kc3 Ke4 66.Bf8 Kf3 67.Bxc5 Kxg3 68.Bd6 Kf4 69.Kd2 Ke4 70.Ke1 Bb5 71.Kf2 f4  0-1

[Event "Budapest Elekes"]
[Site "Budapest"]
[Date "1995.??.??"]
[Round "1"]
[White "Hoelzl, Franz"]
[Black "Enders, Peter"]
[Result "1/2-1/2"]
[WhiteElo "2355"]
[BlackElo "2480"]

1.d4 Nf6 2.Nf3 g6 3.c4 Bg7 4.Nc3 O-O 5.e4 d6 6.Be2 e5 7.Be3 Ng4 8.Bg5 f6
9.Bc1 Nc6 10.O-O Kh8 11.d5 Ne7 12.Ne1 f5 13.Bxg4 fxg4 14.Nd3 b6 15.a4 c5
16.a5 bxa5 17.Bd2 Bd7 18.Na4 Rb8 19.b3 Rb7 20.Qc2 Nc8 21.Bc3 Qh4 22.Rfe1 Nb6
23.Naxc5 dxc5 24.Rxa5 Qe7 25.Nxc5 Rbb8 26.Nd3 Nc8 27.Nxe5 Kg8 28.Nxd7 Qxd7
29.Bxg7 Qxg7 30.e5 Qc7 31.Raa1 Qb6 32.c5 Qxb3 33.Qxb3 Rxb3 34.d6 Rb2 35.Rab1 Rc2
36.Rbc1 Rxc1 37.Rxc1 Kf7 38.Rd1 Rd8 39.c6 Nb6 40.c7 Rc8 41.d7 Nxd7 42.Rxd7+ Ke6
43.Rxh7 Kxe5 44.Kf1 Kd4 45.Rg7 a5 46.Rxg6 Rxc7 47.Rxg4+ Kc3 48.h4 Ra7 49.h5 a4
50.h6 a3 51.Rg7 Ra6 52.h7 Rh6 53.Ra7 Kb2 54.g4 a2 55.Rb7+ Kc2 56.Ra7  1/2-1/2

[Event "Schneider mem op"]
[Site "Budapest"]
[Date "1995.??.??"]
[Round "1"]
[White "Pastivnychna, Zorjana"]
[Black "Kahn, Evarth"]
[Result "0-1"]
[WhiteElo "2115"]
[BlackElo "2400"]

1.d4 Nf6 2.Nf3 g6 3.c4 Bg7 4.Nc3 O-O 5.e4 d6 6.Be2 e5 7.dxe5 dxe5 8.Be3 Nbd7
9.O-O c6 10.Qc2 Qe7 11.Rad1 h6 12.Nd2 Nh7 13.a3 f5 14.f4 exf4 15.Bxf4 g5
16.Bg3 f4 17.Bf2 Ne5 18.Nf3 g4 19.Nxe5 Bxe5 20.Bd4 f3 21.gxf3 Bxd4+ 22.Rxd4 Qg7  0-1